[Event "AUTO-OPEN-4095"]
[Site "http://www.queenalice.com/game.php?id=1605670"]
[Date "2020.4.3"]
[Round "2"]
[White "Artking"]
[Black "jova21"]
[Result "1-0"]
[WhiteElo "1983"]
[BlackElo "1994"]

1. e4 d6 2. d4 g6 3. f4 Bg7 4. Nf3 Nf6 5. Bc4 O-O 6. c3 Re8 7. O-O c6 8. e5 dxe5
9. fxe5 Nd5 10. Qe1 Bg4 11. Nbd2 Nd7 12. a4 Qc7 13. Ne4 N7b6 14. Bb3 e6 15. h3
Bf5 16. Nd6 Re7 17. Nxf5 exf5 18. Bg5 Ree8 19. c4 Ne7 20. a5 Nd7 21. e6 Nf6 22.
exf7+ Kxf7 23. Ne5+ Kf8 24. Rc1 Ne4 25. Qxe4 Ng8 26. Bf4 Bxe5 27. Bxe5 Nf6 28.
Qh4 Rxe5 29. Qxf6+ 1-0

[Event "AUTO-OPEN-4095"]
[Site "http://www.queenalice.com/game.php?id=1621030"]
[Date "2020.7.21"]
[Round "3"]
[White "Poison"]
[Black "jova21"]
[Result "1-0"]
[WhiteElo "2846"]
[BlackElo "2015"]

1. e4 d6 2. d4 g6 3. Nf3 Nf6 4. Nc3 Bg7 5. Be2 O-O 6. O-O Re8 7. h3 c5 8. dxc5
dxc5 9. Be3 b6 10. e5 Nfd7 11. Qd5 Qc7 12. Qxa8 Nc6 13. Rfd1 Kf8 14. Nb5 1-0

[Event "AUTO-OPEN-4095"]
[Site "http://www.queenalice.com/game.php?id=1621031"]
[Date "2020.7.21"]
[Round "3"]
[White "jova21"]
[Black "Poison"]
[Result "0-1"]
[WhiteElo "2013"]
[BlackElo "2848"]

1. e4 c5 2. c3 e6 3. d4 d5 4. Nd2 cxd4 5. Bb5+ Nc6 6. cxd4 dxe4 7. Nxe4 Bb4+ 8.
Nc3 Qd5 9. Bxc6+ Qxc6 10. Nf3 Bxc3+ 11. Bd2 Bxb2 12. Rb1 Qe4+ 13. Be3 Bc3+ 14.
Ke2 Ne7 15. Qa4+ Bd7 16. Qb3 Nd5 17. g3 Bb4 18. Rbc1 Bb5+ 0-1

[Event "AUTO-OPEN-4095"]
[Site "http://www.queenalice.com/game.php?id=1621032"]
[Date "2020.7.21"]
[Round "3"]
[White "Artking"]
[Black "jova21"]
[Result "0-1"]
[WhiteElo "1944"]
[BlackElo "1991"]

1. Nf3 d6 2. d4 g6 3. c4 Bg7 4. Nc3 Nf6 5. e4 O-O 6. Bd3 Re8 7. O-O e5 8. d5
Nbd7 9. Bg5 c6 10. h3 cxd5 11. cxd5 Nc5 12. Bc2 Qb6 13. Rb1 Bd7 14. b4 Na6 15.
a3 Rac8 16. Ne2 Bb5 17. Re1 Qc7 18. Rc1 Qb8 19. Bd3 Bxd3 20. Qxd3 Rxc1 21. Rxc1
Rc8 22. Rxc8+ Qxc8 23. Nc3 Nd7 24. Nb5 Bf8 25. Nc3 Nb6 26. Nd2 Qd7 27. f4 Be7
28. Nf3 Bxg5 29. Nxg5 exf4 30. Qf3 h6 31. Qxf4 hxg5 32. Qxg5 Nc4 33. b5 Nc5 34.
a4 Qc8 35. h4 Qe8 36. h5 Nxe4 37. Nxe4 Qxe4 38. hxg6 Qxg6 39. Qh4 Ne5 40. Qd8+
Kg7 41. Qa5 Ng4 42. Qc3+ f6 43. Qc7+ Kh6 44. Qc1+ Kh5 45. Qd1 Qe4 46. Qf3 Qe1+
47. Qf1 Qxf1+ 0-1

[Event "AUTO-OPEN-4095"]
[Site "http://www.queenalice.com/game.php?id=1621033"]
[Date "2020.7.21"]
[Round "3"]
[White "jova21"]
[Black "Artking"]
[Result "1/2-1/2"]
[WhiteElo "1993"]
[BlackElo "1942"]

1. e4 c5 2. c3 d6 3. d4 cxd4 4. cxd4 Nf6 5. Nc3 a6 6. Bc4 g6 7. Nf3 Nbd7 8. Ng5
e6 9. O-O Bg7 10. Re1 h6 11. Nf3 b5 12. Bd3 Bb7 13. a3 O-O 14. Bf4 Qe7 15. Qd2
Kh7 16. Rac1 Nh5 17. Be3 Rac8 18. Be2 Qe8 19. Ng5+ hxg5 20. Bxh5 gxh5 21. Bxg5
Nf6 22. Re3 Rxc3 23. Rcxc3 Nxe4 24. Qd3 f5 25. Rc7 Nxg5 26. Rxb7 Qg6 27. f4 Ne4
28. d5 e5 29. fxe5 dxe5 30. d6 Nc5 31. Rxg7+ Qxg7 32. Qd5 Nd7 33. Rg3 Qh6 34. h4
Nf6 35. Qxe5 Qc1+ 36. Kh2 Ng4+ 37. Rxg4 fxg4 38. Qe4+ Kg7 39. Qe7+ Rf7 40. Qe5+
Rf6 41. d7 Qd2 42. Qe7+ Kg6 43. Qe8+ Kg7 44. Qe7+ Kg6 45. Qe4+ Kg7 46. Qe7+
1/2-1/2

[Event "AUTO-MASTER-3018"]
[Site "http://www.queenalice.com/game.php?id=1638890"]
[Date "2021.1.5"]
[Round "1"]
[White "jova21"]
[Black "Aguinaldo"]
[Result "1-0"]
[WhiteElo "2017"]
[BlackElo "1863"]

1. e4 c5 2. Nf3 b6 3. Bc4 e6 4. Nc3 f6 5. d4 Nc6 6. d5 exd5 7. exd5 Qe7+ 8. Be3
Na5 9. Bb5 a6 10. Ba4 b5 11. O-O bxa4 12. Re1 Kd8 13. Nxa4 d6 14. Bxc5 Qd7 15.
Bb6+ 1-0

[Event "AUTO-MASTER-3018"]
[Site "http://www.queenalice.com/game.php?id=1638892"]
[Date "2021.1.5"]
[Round "1"]
[White "jova21"]
[Black "Savage_king"]
[Result "1-0"]
[WhiteElo "2024"]
[BlackElo "2139"]

1. e4 d6 2. d4 Nf6 3. Nc3 Nbd7 4. Nf3 e5 5. Bc4 c6 6. Ng5 d5 7. exd5 cxd5 8.
Nxd5 Nxd5 9. Qf3 N5f6 10. Bxf7+ Ke7 11. Qa3+ 1-0

[Event "AUTO-MASTER-3018"]
[Site "http://www.queenalice.com/game.php?id=1638893"]
[Date "2021.1.5"]
[Round "1"]
[White "Savage_king"]
[Black "jova21"]
[Result "0-1"]
[WhiteElo "2124"]
[BlackElo "2045"]

1. c4 d6 2. Nc3 g6 3. g3 Bg7 4. Bg2 Nf6 5. e4 O-O 6. Nge2 Nc6 7. O-O Bd7 8. h3
Qc8 9. Kh2 a6 10. Rb1 Ne5 11. d3 h5 0-1

[Event "AUTO-MASTER-3018"]
[Site "http://www.queenalice.com/game.php?id=1638894"]
[Date "2021.1.5"]
[Round "1"]
[White "jova21"]
[Black "clovis"]
[Result "1-0"]
[WhiteElo "2027"]
[BlackElo "2002"]

1. e4 e5 2. Nf3 Nc6 3. Bb5 f5 4. d3 fxe4 5. Bxc6 dxc6 6. Nxe5 Nf6 7. Bg5 Qd4 8.
Bxf6 gxf6 9. Qh5+ Ke7 10. Qf7+ Kd6 11. Qxf6+ Kd5 12. Qxh8 Qxb2 13. dxe4+ Kxe4
14. Nd2+ Kd5 15. c4+ Ke6 16. O-O Qxd2 17. Qxf8 1-0

[Event "AUTO-MASTER-3018"]
[Site "http://www.queenalice.com/game.php?id=1638895"]
[Date "2021.1.5"]
[Round "1"]
[White "clovis"]
[Black "jova21"]
[Result "1-0"]
[WhiteElo "1988"]
[BlackElo "2042"]

1. e4 e5 2. Nf3 Nc6 3. Bc4 Be7 4. O-O Nf6 5. Nc3 O-O 6. d4 d6 7. Bg5 Bg4 8. dxe5
Nxe5 9. Be2 a6 10. Nxe5 Bxe2 11. Qxe2 dxe5 12. Rad1 Qc8 13. Bxf6 Bxf6 14. Nd5 b5
15. Nxf6+ gxf6 16. f4 Kh8 17. fxe5 fxe5 18. Qh5 Qe6 19. Rf5 Qg6 20. Rd7 Rg8 21.
Qxg6 Rxg6 22. Rfxf7 c5 23. Rxh7+ Kg8 24. Rhe7 Rc8 25. Rxe5 Rf8 26. Rxc5 Rgf6 27.
Rf5 1-0

[Event "AUTO-MASTER-3018"]
[Site "http://www.queenalice.com/game.php?id=1758919"]
[Date "2021.5.8"]
[Round "2"]
[White "jova21"]
[Black "tariann"]
[Result "0-1"]
[WhiteElo "2055"]
[BlackElo "2249"]

1. e4 e5 2. Nf3 Nc6 3. Bb5 f5 4. d3 Nf6 5. Bg5 d6 6. Nc3 Be7 7. O-O O-O 8. Bxf6
Bxf6 9. Nd5 Be6 10. Nxf6+ Qxf6 11. Bxc6 bxc6 12. Qd2 fxe4 13. dxe4 Bg4 14. Qc3
Bxf3 15. gxf3 Qxf3 16. Qxf3 Rxf3 17. Kg2 Raf8 18. Rae1 R3f4 19. Re3 Rb8 20. b3
Rb4 21. Rfe1 Rb8 22. c4 Kf7 23. Rf3 g5 24. Rd3 Ke6 25. f3 Rbf8 26. Rc1 g4 27.
fxg4 Rxg4+ 28. Kh3 Rxe4 29. Rg3 Ref4 30. Rcg1 Rf3 31. Kh4 Rxg3 32. hxg3 Rf2 33.
Ra1 d5 34. cxd5+ cxd5 35. Kg5 e4 36. b4 d4 37. Kh6 Rg2 0-1

[Event "AUTO-MASTER-3018"]
[Site "http://www.queenalice.com/game.php?id=1758920"]
[Date "2021.5.8"]
[Round "2"]
[White "tariann"]
[Black "jova21"]
[Result "1-0"]
[WhiteElo "2242"]
[BlackElo "2064"]

1. e4 d6 2. d4 g6 3. c4 Nf6 4. Nc3 Bg7 5. Nf3 O-O 6. Be2 Re8 7. O-O c5 8. e5
dxe5 9. dxe5 Qxd1 10. Rxd1 Ng4 11. Nd5 Na6 12. Bf4 e6 13. Nc3 Nb4 14. h3 Nh6 15.
Nb5 Rb8 16. Nxa7 Nf5 17. a3 Nd4 18. Nxd4 cxd4 19. axb4 Rd8 20. Nb5 Bf8 21. c5
Bd7 22. Nd6 Bc6 23. Rxd4 Bxd6 24. Rxd6 Rxd6 25. exd6 Kf8 26. b5 Bd7 27. Bf3 f6
28. c6 bxc6 29. bxc6 1-0

[Event "AUTO-MASTER-3058"]
[Site "http://www.queenalice.com/game.php?id=1766086"]
[Date "2021.8.4"]
[Round "1"]
[White "Artking"]
[Black "jova21"]
[Result "1-0"]
[WhiteElo "1983"]
[BlackElo "2013"]

1. e4 g6 2. d4 Bg7 3. Nf3 d6 4. Bc4 Nf6 5. Nc3 O-O 6. O-O Bg4 7. h3 Bxf3 8. Qxf3
Nc6 9. Rd1 e5 10. Ne2 a6 11. a4 Rb8 12. a5 Qe7 13. d5 Nd4 14. Nxd4 exd4 15. Rxd4
Nd7 16. Qe3 Bxd4 17. Qxd4 Qe5 18. Qd1 Nf6 19. f3 Nh5 20. Be3 Nf4 21. Qd2 Nh5 22.
f4 Qxe4 23. Bb3 Rfe8 24. Re1 Qe7 25. f5 Ng3 26. Bf2 Ne4 27. Qf4 Qe5 28. Qxe5
Rxe5 29. Bd4 Re7 30. f6 Ree8 31. Ba4 Kf8 32. Bxe8 Rxe8 33. Kf1 Ng3+ 34. Kf2 Nf5
35. Rxe8+ Kxe8 36. Bc3 Kd7 37. g4 Nh6 38. Kf3 c6 39. dxc6+ bxc6 40. Bd2 Ng8 41.
g5 Ke6 42. c4 c5 43. Ke4 h6 44. h4 hxg5 45. hxg5 Nxf6+ 46. gxf6 Kxf6 47. b4 cxb4
48. Kd5 b3 49. Bc1 Ke7 50. Kc6 f6 51. Kb6 Kd8 52. Kxa6 g5 53. Kb7 1-0

[Event "AUTO-MASTER-3058"]
[Site "http://www.queenalice.com/game.php?id=1766087"]
[Date "2021.8.4"]
[Round "1"]
[White "jova21"]
[Black "Artking"]
[Result "0-1"]
[WhiteElo "2031"]
[BlackElo "1978"]

1. e4 d5 2. exd5 Qxd5 3. Nc3 Qa5 4. Nf3 c6 5. d4 Bg4 6. Be2 Nf6 7. O-O e6 8. Bd2
Qc7 9. Ne5 Bxe2 10. Qxe2 Bd6 11. Bg5 Nbd7 12. Nxd7 Nxd7 13. Ne4 Bxh2+ 14. Kh1
Bf4 15. Bh4 g5 16. Bg3 O-O-O 17. Rad1 h5 18. Bxf4 Qxf4 19. Rd3 g4 20. g3 Qc7 21.
Kg2 f5 22. Ng5 Nf8 23. Nxe6 Nxe6 24. Qxe6+ Qd7 25. Re1 h4 26. Qxd7+ Kxd7 27.
Rde3 h3+ 28. Kh2 Rde8 29. c4 Rxe3 30. fxe3 b6 31. a4 a5 32. Rf1 Ke6 33. Rb1 b5
34. cxb5 Rb8 35. Rc1 cxb5 36. Rc6+ Kd5 37. Rc5+ Ke4 38. Rxb5 Rc8 39. Re5+ Kd3
40. Rc5 Re8 41. Rc3+ Ke2 42. Rc5 Kxe3 43. Re5+ Rxe5 44. dxe5 f4 45. gxf4 Kf2 46.
e6 g3+ 47. Kxh3 g2 48. Kh4 g1=Q 49. f5 Kf3 0-1

[Event "AUTO-MASTER-3058"]
[Site "http://www.queenalice.com/game.php?id=1766100"]
[Date "2021.8.4"]
[Round "1"]
[White "jova21"]
[Black "BeatifulDevil56"]
[Result "0-1"]
[WhiteElo "2009"]
[BlackElo "1904"]

1. e4 e5 2. Nf3 d6 3. Bc4 h6 4. d4 exd4 5. Nxd4 Nf6 6. O-O Be7 7. Re1 O-O 8. Nc3
Nbd7 9. b3 Ne5 10. Be2 c5 11. Nf3 Nxf3+ 12. Bxf3 Rb8 13. Bb2 Re8 14. Nd5 Nxd5
15. exd5 b5 16. Bh5 g6 17. Qf3 gxh5 18. Qxh5 Bf8 19. Rxe8 Qxe8 20. Kf1 b4 21.
Re1 Ba6+ 22. Re2 Bxe2+ 23. Qxe2 Qxe2+ 24. Kxe2 Re8+ 25. Kd3 f5 26. f3 h5 27. h3
Bg7 28. Bc1 Kh7 29. Bf4 Bf8 30. Bg3 Kg6 31. h4 Rd8 32. Kc4 a6 33. c3 bxc3 34.
Kxc3 Bg7+ 35. Kd3 Be5 36. Be1 Kf6 37. Ba5 Rg8 38. g4 fxg4 39. Ke3 g3 0-1

[Event "AUTO-MASTER-3058"]
[Site "http://www.queenalice.com/game.php?id=1766101"]
[Date "2021.8.4"]
[Round "1"]
[White "BeatifulDevil56"]
[Black "jova21"]
[Result "0-1"]
[WhiteElo "1932"]
[BlackElo "1996"]

1. g3 g6 2. d4 Bg7 3. e3 Nf6 4. c4 O-O 5. Bg2 d5 6. c5 Nc6 7. a3 Re8 8. Nc3 e5
9. dxe5 Nxe5 10. Nxd5 Nxd5 11. Nf3 Bg4 12. h3 Nxf3+ 13. Bxf3 Bxf3 14. Qxf3 c6
15. O-O Qe7 16. Rb1 Qxc5 17. Re1 Qc2 18. Ra1 Bxb2 19. Bxb2 Qxb2 20. Reb1 Qc3 21.
Ra2 Qc4 22. Raa1 b5 23. Rc1 Nc3 24. Kg2 Rad8 25. Qf6 Qe4+ 26. Kh2 Nd5 27. Qxc6
Qf3 28. Kg1 h5 29. h4 Rxe3 30. fxe3 Qxg3+ 31. Kf1 Nxe3+ 32. Ke2 Nf5 33. Kf1 Qxh4
34. Qxb5 Qh1+ 35. Kf2 Rd2+ 0-1

[Event "AUTO-MASTER-3058"]
[Site "http://www.queenalice.com/game.php?id=1766102"]
[Date "2021.8.4"]
[Round "1"]
[White "jova21"]
[Black "attachui"]
[Result "0-1"]
[WhiteElo "1979"]
[BlackElo "2152"]

1. e4 c5 2. Nf3 d6 3. d4 cxd4 4. Nxd4 Nf6 5. Bd3 e5 6. Nb3 Nc6 7. O-O Be6 8. Bg5
Be7 9. Nc3 Nxe4 10. Bxe7 Nxc3 11. bxc3 Nxe7 12. Qf3 Bd5 13. Qg3 O-O 14. c4 Bc6
15. Rae1 f5 16. h4 e4 17. Be2 f4 18. Qc3 f3 19. Nd4 fxe2 20. Rxe2 Qd7 21. Nxc6
Qxc6 22. Rfe1 d5 23. Re3 Rac8 24. Rg3 Nf5 25. Rg5 d4 26. Qb4 e3 27. fxe3 h6 0-1

[Event "AUTO-MASTER-3058"]
[Site "http://www.queenalice.com/game.php?id=1766103"]
[Date "2021.8.4"]
[Round "1"]
[White "attachui"]
[Black "jova21"]
[Result "1-0"]
[WhiteElo "2145"]
[BlackElo "1989"]

1. d4 g6 2. e4 Bg7 3. c4 d6 4. Nc3 Nf6 5. Nf3 O-O 6. Bg5 c5 7. d5 Bg4 8. Be2 Qa5
9. O-O Nfd7 10. Bxe7 Re8 11. Bxd6 Bxc3 12. bxc3 Qxc3 13. Nd2 Bxe2 14. Qxe2 Na6
15. Rfc1 Qg7 16. f4 Nb6 17. Be5 Qf8 18. Qg4 Nd7 19. Qxd7 Nb4 20. Rc3 Re7 21. Qd6
Rd8 22. Qf6 Rxe5 23. fxe5 Re8 24. a3 Qh6 25. Rf1 Qg7 26. axb4 cxb4 27. Rcf3 Qxf6
28. Rxf6 1-0